01238 2200205 4500001002100000005001500021008004100036035002000077082000800097084001400105100001800119245003900137250000600176260003800182300001200220520076600232650001000998990001201008990001201020INLIS00000000000095620240531080155240531 1 ind  a0010-0524000191 a813 a813 PAT m aDevo, Patrick1 aMy Prince My Dream /cPatrick Devo a1 aYogyakarta :bSheila/ Andi,c2008 a268 hlm aBagi Ical, Putri itu Suka nonjok dan menjitak, Gampang marah-marah tanpa sebab, CS-an sama Pamela, ayamnya Pak Parmin, Benci banget sama yang namanya cerita dongen (kenapa ya???), Lugu soal percintaan. Di mata Putri, Ical itu Bawelnya,...ampun deh!, obyek pelampiasan rasa kesal, suka nguntit kemana-mana (Iih,..kayak Rotweiller aja nih, hehe..), Suka ngegodain (walau kadang bercandanya garing abis!), Orangnya nggak peka situasi. Gimana ya kalau dua orang ini temenan? Pasti asyik banget. yang jelas, rame! Hingga suatu hari, Sang Pangeran masa kecil Putri muncul. Bagai cerita dongeng, "Akhirnya Putri dan pangeran hidup bahagia selamanya." Apa iya sih, ini akan terwujud? Lalu bagaimana nasib Ical? Akankah ia tersingkir jauh-jauh dari kehidupan sang putri? 4aFiksi a0741666 a0741667